|
|
|
|
| LEADER |
01080nam a2200253 a 4500 |
| 001 |
14860176 |
| 008 |
100802s2009 nyua b 000 0beng d |
| 010 |
|
|
|a 2007021647
|
| 020 |
|
|
|a 9780007325238
|
| 040 |
|
|
|a DLC
|c DLC
|d BTCTA
|d BAKER
|d YDXCP
|d WIQ
|d C#P
|d BUR
|d IXA
|d VP@
|d DLC
|d DB-DhAAL
|
| 082 |
0 |
0 |
|a 822.3/3
|2 22
|
| 100 |
1 |
|
|a Bryson, Bill.
|
| 245 |
1 |
0 |
|a Shakespeare :
|b the illustrated edition /
|c Bill Bryson.
|
| 250 |
|
|
|a illustrated edition.
|
| 260 |
|
|
|a London :
|b Harper press,
|c c2009.
|
| 300 |
|
|
|a 256 p. :
|b illus (col.) ;
|c 22 cm.
|
| 500 |
|
|
|a Previous ed.: London: HarperPress, 2007.
|
| 504 |
|
|
|a Includes bibliographical references.
|
| 541 |
1 |
|
|e 00020810
|
| 600 |
1 |
0 |
|a Shakespeare, William,
|d 1564-1616.
|
| 650 |
|
0 |
|a Dramatists, English
|y Early modern, 1500-1700
|v Biography.
|
| 852 |
4 |
|
|a Ayesha Abed Library
|j General Shelf.
|
| 999 |
|
|
|c 9296
|d 9296
|
| 952 |
|
|
|0 0
|1 0
|2 ddc
|4 0
|6 822_330000000000000_BRY_2009
|7 0
|9 11713
|a BRACUL
|b BRACUL
|c GEN
|d 2010-08-24
|l 3
|m 8
|o 822.33 BRY
|p 3010020810
|r 2025-12-12
|s 2025-12-08
|t 1
|w 2010-08-24
|y BK
|x Transferred from ENH to Ayesha Abed library on 20/12/2023
|